Peculiaridades y consecuencias en el aprendizaje de adultos
Saved in:
| Hovedforfatter: | |
|---|---|
| Format: | Bog |
| Sprog: | spansk |
| Udgivet: |
Tubinga
s.n
1900
|
| Fag: | |
| Tags: |
Tilføj Tag
Ingen Tags, Vær først til at tagge denne postø!
|
MARC
| LEADER | 00000nam a2200000 a 4500 | ||
|---|---|---|---|
| 001 | UCZ7344 | ||
| 003 | CL-VaPUC | ||
| 008 | 951228e19000000GW |||||||||||||||||spa|d | ||
| 082 | 0 | 4 | |a 374 |b DOH |2 21 |
| 100 | 0 | |a Dohmen, Gunter |e author |9 352163 | |
| 245 | 1 | 0 | |a Peculiaridades y consecuencias en el aprendizaje de adultos |
| 300 | |a 11 p | ||
| 942 | |c BK | ||
| 945 | |d 19951228 00:00:00 |a cmena | ||
| 260 | |a Tubinga |b s.n |c 1900 | ||
| 650 | 0 | |a Educación de adultos |9 307580 | |
| 650 | 0 | |a Sistemas educacionales |9 324695 | |
| 650 | 0 | |a Aprendizaje de adultos |9 340826 | |
| 650 | 0 | |a Planificación de la educación |9 307333 | |
| 583 | |a last modification |c 20130413 08:40:56 |k Rodrigo Vera | ||
| 999 | |c 243437 |d 243435 | ||
| 952 | |0 0 |1 0 |4 0 |6 374_000000000000000_DOH_1900 |7 0 |8 P |9 257059 |a BIBEDU |b BIBEDU |c BIBEDU_PB |d 2019-11-19 |i 1613855 |o 374 DOH 1900 |p 1613855 |r 2024-01-25 |w 2019-11-19 |y BK |k EDU | ||